[Event "Europe Echecs Blitz Sept op"]
[Site "Europe Echecs INT"]
[Date "2021.09.19"]
[Round "9"]
[White "Vine, Guillaume"]
[Black "Naudier, Serge"]
[Result "0-1"]
[WhiteElo "1810"]
[BlackElo "2097"]
[PlyCount "196"]
[EventDate "2021.09.19"]
[EventType "swiss (blitz)"]
[EventRounds "11"]
[EventCountry "FRA"]
[SourceTitle "CBM 204 Extra"]
[Source "ChessBase"]
[SourceDate "2021.11.30"]
[SourceVersion "1"]
[SourceVersionDate "2021.11.30"]
[SourceQuality "1"]

1. Nf3 Nf6 2. d4 c5 3. d5 b5 4. e4 Nxe4 5. Bxb5 g6 6. 0-0 Bg7 7. Re1 Nd6 8. Ba4 0-0 9. Bf4 Nc4 10. c3 Nxb2 11. Qc2 Nxa4 12. Qxa4 d6 13. Qc2 Bf5 14. Qb2 Nd7 15. Nbd2 Qa5 16. Rac1 Rab8 17. Nb3 c4 18. Nxa5 Rxb2 19. Nc6 Bd3 20. Nxe7+ Kh8 21. Bxd6 Rxa2 22. Nc6 Ra8 23. Ng5 h6 24. Nxf7+ Kg8 25. Re7 Nb6 26. Nfe5 Nxd5 27. Rd7 Nxc3 28. Ne7+ Kh7 29. Re1 Re2 30. Rxe2 Nxe2+ 31. Kh1 a5 32. N7xg6 a4 33. Bf8 Rxf8 34. Nxf8+ Kg8 35. Nxd3 cxd3 36. Ne6 Bd4 37. Nc5 Bxc5 38. Rxd3 a3 39. Rd2 Nc3 40. h4 a2 41. Rxa2 Nxa2 42. f3 Kg7 43. g4 Be7 44. Kg2 Bxh4 45. Kh3 Bg5 46. Kg3 Nc3 47. f4 Ne2+ 48. Kf3 Nxf4 49. Kg3 Kf6 50. Kh2 Ke5 51. Kg3 Ke4 52. Kh2 Kf3 53. Kh1 Kxg4 54. Kh2 Kf3 55. Kg1 h5 56. Kh2 h4 57. Kg1 h3 58. Kh2 Bh4 59. Kh1 Be1 60. Kh2 Kg4 61. Kg1 Kg3 62. Kh1 Nh5 63. Kg1 Bc3 64. Kh1 Kh4 65. Kh2 Be5+ 66. Kh1 h2 67. Kg2 Kg4 68. Kh1 Ng3+ 69. Kxh2 Nf5+ 70. Kg2 Bg3 71. Kf1 Kf3 72. Kg1 Nh4 73. Kf1 Bh2 74. Ke1 Nf5 75. Kd2 Ke4 76. Kc3 Kd5 77. Kd3 Bf4 78. Kc3 Be5+ 79. Kd3 Bd4 80. Ke2 Ke4 81. Kd2 Ng3 82. Kc2 Ne2 83. Kd2 Nf4 84. Kc2 Nd5 85. Kb3 Kd3 86. Ka4 Kc4 87. Ka5 Nc7 88. Ka4 Bb6 89. Ka3 Nb5+ 90. Kb2 Nd4 91. Ka3 Ba5 92. Ka4 Bd2 93. Ka3 Kb5 94. Kb2 Kb4 95. Kb1 Kb3 96. Ka1 Nc2+ 97. Kb1 Na3+ 98. Ka1 Bc3# 0-1

[Event "FRA-ch op-A"]
[Site "Nancy"]
[Date "2013.08.21"]
[Round "9"]
[White "Naudier, Serge"]
[Black "Meunier, Clement"]
[Result "1/2-1/2"]
[WhiteElo "2194"]
[BlackElo "2025"]
[PlyCount "86"]
[EventDate "2013.08.11"]
[EventType "swiss"]
[EventRounds "11"]
[EventCountry "FRA"]
[SourceTitle "CBM 156 Extra"]
[Source "ChessBase"]
[SourceDate "2013.10.22"]
[SourceVersion "1"]
[SourceVersionDate "2013.10.22"]
[SourceQuality "1"]

1. d4 Nf6 2. c4 g6 3. Nc3 Bg7 4. e4 d6 5. Nf3 0-0 6. Be2 e5 7. d5 c5 8. dxc6 Nxc6 9. h3 Be6 10. 0-0 Nd4 11. b3 Qd7 12. Bb2 Nh5 13. Nxd4 exd4 14. Nd5 Bxd5 15. Bxh5 Bxe4 16. Bxd4 Qc6 17. Bxg7 Kxg7 18. Qd4+ f6 19. f3 Rae8 20. Bg4 h5 21. Bd7 Qxd7 22. fxe4 Qc6 23. Qxa7 Rxe4 24. Rae1 Rfe8 25. Rxe4 Rxe4 26. Qf2 Qc5 27. Qxc5 dxc5 28. Rd1 Re7 29. Rd6 g5 30. Rb6 Kg6 31. Kf2 Kf5 32. Rb5 Rc7 33. b4 Ke4 34. Rxc5 Rxc5 35. bxc5 Kd4 36. Kf3 f5 37. h4 gxh4 38. Kf4 Kxc5 39. Kxf5 Kxc4 40. Kg5 h3 41. gxh3 Kb4 42. Kxh5 Ka3 43. Kg4 Kxa2 1/2-1/2

[Event "FRA-ch op-A"]
[Site "Nancy"]
[Date "2013.08.12"]
[Round "1"]
[White "Helfer, Remi"]
[Black "Naudier, Serge"]
[Result "0-1"]
[WhiteElo "2064"]
[BlackElo "2194"]
[PlyCount "78"]
[EventDate "2013.08.11"]
[EventType "swiss"]
[EventRounds "11"]
[EventCountry "FRA"]
[SourceTitle "CBM 156 Extra"]
[Source "ChessBase"]
[SourceDate "2013.10.22"]
[SourceVersion "1"]
[SourceVersionDate "2013.10.22"]
[SourceQuality "1"]

1. e4 e5 2. Nc3 Nf6 3. f4 d5 4. fxe5 Nxe4 5. d3 Nxc3 6. bxc3 d4 7. Nf3 Nc6 8. Be2 Bc5 9. 0-0 dxc3+ 10. Kh1 0-0 11. Qe1 Nd4 12. Qxc3 b6 13. Qd2 f6 14. c3 Nxe2 15. Qxe2 Ba6 16. exf6 Qxf6 17. Bb2 Rfe8 18. Qc2 Qg6 19. c4 Rad8 20. Ne5 Qh5 21. Rae1 Bb7 22. Qd2 Bd6 23. Qf4 Rf8 24. Qg4 Rxf1+ 25. Rxf1 Qxg4 26. Nxg4 Re8 27. Bc3 h5 28. Nf2 Re2 29. a4 a5 30. Kg1 Bc6 31. Re1 Rxe1+ 32. Bxe1 Bxa4 33. Ne4 Be5 34. Kf2 Bc2 35. Ke3 Bxh2 36. Kd2 Ba4 37. Kc3 Bc6 38. Bg3 Bxg3 39. Nxg3 g6 0-1

[Event "FRA-ch op-A"]
[Site "Caen"]
[Date "2011.08.21"]
[Round "6"]
[White "Malka, Samuel"]
[Black "Naudier, Serge"]
[Result "0-1"]
[WhiteElo "2071"]
[BlackElo "2194"]
[PlyCount "84"]
[EventDate "2011.08.16"]
[EventType "swiss"]
[EventRounds "11"]
[EventCountry "FRA"]
[SourceTitle "CBM 144 Extra"]
[Source "ChessBase"]
[SourceDate "2011.10.28"]
[SourceVersion "1"]
[SourceVersionDate "2011.10.28"]
[SourceQuality "1"]

1. d4 Nf6 2. c4 c6 3. Nf3 d5 4. e3 e6 5. b3 Bd6 6. Bb2 0-0 7. Nbd2 Qe7 8. Bd3 Nbd7 9. Ne5 Ba3 10. Bxa3 Qxa3 11. f4 c5 12. 0-0 cxd4 13. exd4 dxc4 14. Ndxc4 Qe7 15. Qf3 Nb6 16. Nxb6 axb6 17. Bc4 Ne8 18. a4 f6 19. Nd3 Nd6 20. Rfe1 Nxc4 21. bxc4 Qd6 22. d5 Ra5 23. dxe6 Bxe6 24. Nf2 Bxc4 25. Qxb7 Bd5 26. Rad1 Rb8 27. Qe7 Qxe7 28. Rxe7 Bc6 29. Rc1 Rc5 30. Rxc5 bxc5 31. Ne4 Kf8 32. Re6 Bd5 33. Nxc5 Bxe6 34. Nxe6+ Kf7 35. Nc5 Ra8 36. g3 Ra5 37. Nd3 Rxa4 38. Kg2 Ra2+ 39. Kh3 Ke6 40. Ne1 Kf5 41. Nf3 Ke4 42. Nh4 g5 0-1

[Event "FRA-ch op-A"]
[Site "Caen"]
[Date "2011.08.20"]
[Round "5"]
[White "Naudier, Serge"]
[Black "Duboue, Peio"]
[Result "1-0"]
[WhiteElo "2194"]
[BlackElo "2156"]
[PlyCount "97"]
[EventDate "2011.08.16"]
[EventType "swiss"]
[EventRounds "11"]
[EventCountry "FRA"]
[SourceTitle "CBM 144 Extra"]
[Source "ChessBase"]
[SourceDate "2011.10.28"]
[SourceVersion "1"]
[SourceVersionDate "2011.10.28"]
[SourceQuality "1"]

1. e4 e5 2. Nf3 Nc6 3. Bb5 a6 4. Ba4 Nf6 5. 0-0 b5 6. Bb3 Be7 7. Re1 d6 8. c3 0-0 9. d4 exd4 10. cxd4 Bg4 11. d5 Ne5 12. Nbd2 Nfd7 13. h3 Bh5 14. g4 Bg6 15. Nxe5 dxe5 16. Nf1 Nc5 17. Bc2 Rc8 18. a3 c6 19. b4 Nd7 20. Bb3 Nf6 21. Ng3 Qd6 22. Bb2 cxd5 23. exd5 Nd7 24. Qf3 Bh4 25. Rac1 Kh8 26. Rxc8 Rxc8 27. Nf5 Bxf5 28. Qxf5 Qf6 29. Rxe5 Bxf2+ 30. Kg2 Bh4 31. Re8+ Rxe8 32. Bxf6 Re2+ 33. Kf1 Rf2+ 34. Qxf2 Bxf2 35. Kxf2 gxf6 36. d6 Kg7 37. Bd5 Kf8 38. Bb7 Nb8 39. Ke3 Ke8 40. Ke4 Kd7 41. Kf5 Kxd6 42. Kxf6 Kc7 43. Bd5 Nd7+ 44. Kxf7 Ne5+ 45. Kg7 Nc4 46. Kxh7 Nxa3 47. g5 Nc2 48. g6 Nxb4 49. Be4 1-0

[Event "FRA-ch op-A"]
[Site "Caen"]
[Date "2011.08.18"]
[Round "3"]
[White "Naudier, Serge"]
[Black "Veron, Cyprien"]
[Result "1-0"]
[WhiteElo "2194"]
[BlackElo "2062"]
[PlyCount "73"]
[EventDate "2011.08.16"]
[EventType "swiss"]
[EventRounds "11"]
[EventCountry "FRA"]
[SourceTitle "CBM 144 Extra"]
[Source "ChessBase"]
[SourceDate "2011.10.28"]
[SourceVersion "1"]
[SourceVersionDate "2011.10.28"]
[SourceQuality "1"]

1. e4 e5 2. Nf3 Nc6 3. Bb5 a6 4. Ba4 Nf6 5. 0-0 Be7 6. Re1 b5 7. Bb3 0-0 8. d4 d6 9. c3 Bg4 10. Be3 Na5 11. Bc2 Nc4 12. Bc1 c5 13. b3 Nb6 14. dxe5 Bxf3 15. Qxf3 dxe5 16. Nd2 Qc7 17. Nf1 Rfd8 18. Bg5 Ne8 19. Bxe7 Qxe7 20. Ne3 g6 21. Rad1 Rxd1 22. Rxd1 Rd8 23. Rxd8 Qxd8 24. Qe2 Nc7 25. a4 bxa4 26. bxa4 a5 27. Bb3 Qd7 28. Ng4 Qe7 29. h3 h5 30. Nh2 Kg7 31. Nf3 c4 32. Bxc4 Qc5 33. Bb3 Qxc3 34. Qd1 Na6 35. Ng5 f6 36. Ne6+ Kh7 37. Qd8 1-0

[Event "EU-ch 12th"]
[Site "Aix les Bains"]
[Date "2011.03.30"]
[Round "8"]
[White "Naudier, Serge"]
[Black "Csiba, Dominik"]
[Result "1/2-1/2"]
[WhiteElo "2223"]
[BlackElo "2378"]
[PlyCount "97"]
[EventDate "2011.03.22"]
[EventType "swiss"]
[EventRounds "11"]
[EventCountry "FRA"]
[SourceTitle "CBM 142 Extra"]
[Source "ChessBase"]
[SourceDate "2011.06.27"]
[SourceVersion "1"]
[SourceVersionDate "2011.06.27"]
[SourceQuality "1"]

1. e4 c5 2. Nf3 g6 3. d4 Bg7 4. c4 d6 5. dxc5 dxc5 6. Qxd8+ Kxd8 7. Nc3 Bxc3+ 8. bxc3 Nc6 9. h4 h5 10. Ng5 Ke8 11. Nh3 Nf6 12. f3 b6 13. Nf4 e6 14. Nd3 Ba6 15. Bf4 Nd7 16. 0-0-0 Bxc4 17. Nxc5 Bxf1 18. Nxd7 Bxg2 19. Rhe1 Bxf3 20. Rd6 Rc8 21. Ne5 Nxe5 22. Bxe5 Ke7 23. Rd3 Bg4 24. Bxh8 Rxh8 25. Kd2 Rc8 26. Ke3 e5 27. Rb1 f5 28. Rb5 Ke6 29. Kd2 Rc4 30. Rb4 Rc5 31. Rd8 Ra5 32. a4 Bf3 33. exf5+ gxf5 34. Rb5 Rxb5 35. axb5 f4 36. Rf8 Bg4 37. c4 Ke7 38. Ra8 e4 39. Rxa7+ Kd6 40. Rf7 e3+ 41. Kd3 e2 42. Kd2 f3 43. Ke1 Kc5 44. Rc7+ Kb4 45. Rc6 Ka5 46. Rf6 Kb4 47. Rc6 Ka5 48. Rf6 Kb4 49. Rc6 1/2-1/2

[Event "EU-ch 12th"]
[Site "Aix les Bains"]
[Date "2011.03.24"]
[Round "3"]
[White "Potapov, Alexander1111"]
[Black "Naudier, Serge"]
[Result "0-1"]
[WhiteElo "2425"]
[BlackElo "2223"]
[PlyCount "50"]
[EventDate "2011.03.22"]
[EventType "swiss"]
[EventRounds "11"]
[EventCountry "FRA"]
[SourceTitle "CBM 142 Extra"]
[Source "ChessBase"]
[SourceDate "2011.06.27"]
[SourceVersion "1"]
[SourceVersionDate "2011.06.27"]
[SourceQuality "1"]

1. d4 Nf6 2. c4 c6 3. Nc3 d5 4. e3 e6 5. Nf3 Nbd7 6. Bd3 Bd6 7. 0-0 0-0 8. e4 dxc4 9. Bxc4 e5 10. a3 Qe7 11. Re1 exd4 12. Nxd4 Ne5 13. Bf1 Nfg4 14. h3 Nxf2 15. Kxf2 Bc5 16. Be3 Rd8 17. b4 Qf6+ 18. Ke2 b6 19. b5 Bxh3 20. Qa4 Bg4+ 21. Kd2 Bxd4 22. Bxd4 Qf2+ 23. Ne2 Bxe2 24. Rxe2 Rxd4+ 25. Kc3 Qg3+ 0-1

[Event "Saint Affrique op 18th"]
[Site "Saint Affrique"]
[Date "2010.07.29"]
[Round "7"]
[White "Naudier, Serge"]
[Black "Kukov, Velislav"]
[Result "1-0"]
[WhiteElo "2245"]
[BlackElo "2381"]
[PlyCount "133"]
[EventDate "2010.07.24"]
[EventType "swiss"]
[EventRounds "9"]
[EventCountry "FRA"]
[SourceTitle "CBM 137 Extra"]
[Source "ChessBase"]
[SourceDate "2010.09.01"]
[SourceVersion "1"]
[SourceVersionDate "2010.09.01"]
[SourceQuality "1"]

1. e4 g6 2. d4 Bg7 3. Nf3 c6 4. Be2 d5 5. Nbd2 Bg4 6. c3 Nd7 7. h3 Bxf3 8. Bxf3 dxe4 9. Nxe4 Ngf6 10. 0-0 0-0 11. Bf4 Nd5 12. Bh2 e5 13. dxe5 Nxe5 14. Be2 Qh4 15. f4 Ne3 16. Qe1 Qxe1 17. Rfxe1 N5c4 18. Bxc4 Nxc4 19. b3 Nb6 20. Rad1 Nd5 21. c4 Nb4 22. f5 gxf5 23. Nd6 Nc2 24. Re2 Nd4 25. Rf2 Rad8 26. Rfd2 Ne6 27. Nxf5 Rxd2 28. Rxd2 Bf6 29. Rd7 Nc5 30. Rc7 Rd8 31. Bd6 Ne6 32. Rxb7 Re8 33. Nh6+ Kg7 34. Nxf7 Bd4+ 35. Kh2 Kg6 36. Ne5+ Bxe5+ 37. Bxe5 Nc5 38. Rg7+ Kh6 39. Bc3 a6 40. Rf7 Re2 41. Rf6+ Kg5 42. Rxc6 Ne4 43. Bd4 Rxa2 44. Be3+ Kf5 45. Rh6 Ra3 46. Rxh7 Rxb3 47. Bd4 Rb4 48. Rh5+ Kf4 49. Ra5 Rxc4 50. Be5+ Ke3 51. Rxa6 Rc2 52. Ra3+ Ke2 53. Bf4 Nc3 54. Kg3 Ne4+ 55. Kh4 Kf2 56. g4 Rc8 57. g5 Kg2 58. g6 Rh8+ 59. Kg4 Nf2+ 60. Kf5 Nxh3 61. g7 Rg8 62. Bh6 Nf2 63. Kg6 Ng4 64. Bg5 Rb8 65. Ra5 Rb6+ 66. Kh7 Rb7 67. Kh8 1-0

[Event "FRA-chT2 East 0708"]
[Site "France"]
[Date "2008.02.10"]
[Round "7.1"]
[White "Dittmar, Peter"]
[Black "Naudier, Serge"]
[Result "1-0"]
[WhiteElo "2329"]
[BlackElo "2266"]
[PlyCount "141"]
[EventDate "2007.10.21"]
[EventType "team"]
[EventRounds "11"]
[EventCountry "FRA"]
[SourceTitle "EXT 2009"]
[Source "ChessBase"]
[SourceDate "2008.11.26"]
[SourceVersion "1"]
[SourceVersionDate "2008.11.26"]
[SourceQuality "1"]
[WhiteTeam "Obernai"]
[BlackTeam "Besancon TPG II"]
[WhiteTeamCountry "FRA"]
[BlackTeamCountry "FRA"]

1. c4 e6 2. Nf3 d5 3. g3 c5 4. Bg2 Nc6 5. cxd5 exd5 6. d4 c4 7. 0-0 Bb4 8. b3 cxb3 9. Qxb3 Nge7 10. Bg5 f6 11. Bd2 Bxd2 12. Nbxd2 0-0 13. Rfc1 Rb8 14. a4 Be6 15. e3 Bf7 16. Ne1 Nf5 17. Rc5 Nfe7 18. Rac1 Qd6 19. Nd3 g5 20. Qa2 Kg7 21. Qb2 Bg6 22. R5c3 Bf7 23. Qb5 Be8 24. Qc5 Qxc5 25. Nxc5 Rh8 26. Ndb3 Nb4 27. Ra1 b6 28. Nd3 Nxd3 29. Rxd3 Rc8 30. Bh3 Bg6 31. Bxc8 Bxd3 32. Bd7 Rd8 33. Bb5 Bc2 34. Nd2 Rc8 35. Ba6 Rc6 36. Bb7 Rc7 37. Rc1 Rxb7 38. Rxc2 Kf7 39. Nb3 Ke6 40. a5 Kd6 41. axb6 Rxb6 42. Nc5 a5 43. Kg2 Nc6 44. g4 Nb4 45. Rc3 Rb8 46. Ra3 Nc6 47. Ra1 Ra8 48. Kg3 Kc7 49. h4 gxh4+ 50. Kxh4 Nb4 51. Rc1 Nc6 52. Na4 Ra7 53. Rc5 Kd6 54. Nc3 Rb7 55. Rxd5+ Ke7 56. Rc5 Kd7 57. d5 Ne5 58. Rxa5 Rb2 59. Kg3 Nxg4 60. Ra7+ Kd6 61. Kxg4 f5+ 62. Kf3 Rc2 63. Ra6+ Kc5 64. Rc6+ Kb4 65. Ne2 Ra2 66. d6 Ra7 67. Rc7 Ra6 68. d7 Rd6 69. Nd4 Ka5 70. Kf4 Kb6 71. Rc6+ 1-0

[Event "FRA-chT2 East 0708"]
[Site "France"]
[Date "2008.01.20"]
[Round "6.1"]
[White "Naudier, Serge"]
[Black "Anka, Emil"]
[Result "0-1"]
[WhiteElo "2266"]
[BlackElo "2400"]
[PlyCount "100"]
[EventDate "2007.10.21"]
[EventType "team"]
[EventRounds "11"]
[EventCountry "FRA"]
[SourceTitle "EXT 2009"]
[Source "ChessBase"]
[SourceDate "2008.11.26"]
[SourceVersion "1"]
[SourceVersionDate "2008.11.26"]
[SourceQuality "1"]
[WhiteTeam "Besancon TPG II"]
[BlackTeam "Mundolsheim"]
[WhiteTeamCountry "FRA"]
[BlackTeamCountry "FRA"]

1. e4 c5 2. Nf3 d6 3. d4 cxd4 4. Nxd4 Nf6 5. Nc3 g6 6. Be3 Bg7 7. f3 0-0 8. Qd2 Nc6 9. 0-0-0 d5 10. exd5 Nxd5 11. Nxc6 bxc6 12. Bd4 e5 13. Bc5 Be6 14. Bc4 Re8 15. Nxd5 cxd5 16. Bxd5 Bxd5 17. Qxd5 Qg5+ 18. Qd2 Qh4 19. Kb1 Rec8 20. Qd5 Rab8 21. Rd3 e4 22. Rb3 exf3 23. gxf3 Rd8 24. Rxb8 Rxb8 25. Ba3 Qf6 26. Kc1 Bf8 27. Qa5 Qxf3 28. Re1 Bxa3 29. Qxa3 Qxa3 30. bxa3 Rb7 31. c4 Rc7 32. Re4 f5 33. Rd4 Kf7 34. Kc2 Ke6 35. Kc3 g5 36. Rd8 f4 37. Rd5 f3 38. Kd3 Rd7 39. Ke3 Rxd5 40. cxd5+ Kxd5 41. Kxf3 h5 42. Ke3 a5 43. Kd3 a4 44. Ke3 Kc4 45. Ke4 Kc3 46. Kf5 Kb2 47. Kxg5 Kxa2 48. Kxh5 Kxa3 49. Kg6 Kb4 50. h4 a3 0-1

[Event "FRA-chT1B 0607"]
[Site "France"]
[Date "2007.03.10"]
[Round "10.5"]
[White "Comte, Frederic"]
[Black "Naudier, Serge"]
[Result "0-1"]
[WhiteElo "2188"]
[BlackElo "2260"]
[PlyCount "198"]
[EventDate "2006.10.15"]
[EventType "team"]
[EventRounds "11"]
[EventCountry "FRA"]
[SourceTitle "EXT 2008"]
[Source "ChessBase"]
[SourceDate "2007.11.25"]
[SourceVersion "1"]
[SourceVersionDate "2007.11.25"]
[SourceQuality "1"]
[WhiteTeam "Hyeres"]
[BlackTeam "Besancon TPG"]
[WhiteTeamCountry "FRA"]
[BlackTeamCountry "FRA"]

1. e4 c5 2. Nf3 e6 3. b3 d6 4. c4 Nf6 5. Nc3 b6 6. d4 cxd4 7. Nxd4 Bb7 8. Bd3 Be7 9. 0-0 0-0 10. Kh1 Nbd7 11. Qe2 Nc5 12. Bc2 d5 13. Rd1 Re8 14. e5 Nfe4 15. Nxe4 dxe4 16. Nxe6 Qc8 17. Nxc5 Bxc5 18. Bb2 Qf5 19. f3 exf3 20. Bxf5 fxe2 21. Re1 Rad8 22. Rxe2 Bd4 23. Bxd4 Rxd4 24. Rae1 f6 25. e6 g6 26. Bc2 Re7 27. Kg1 Rd6 28. b4 Kf8 29. Bb3 Bc8 30. c5 bxc5 31. bxc5 Rc6 32. Rd2 Rxc5 33. Rd6 f5 34. Kf2 Kg7 35. Re2 Kf6 36. h4 Re5 37. Rc2 Bxe6 38. Ra6 Kf7 39. Bxe6+ R5xe6 40. Rxe6 Kxe6 41. Rc5 Kf6 42. Ra5 Kg7 43. Kf3 Kh6 44. g4 fxg4+ 45. Kxg4 Kg7 46. Ra6 Kf7 47. Kg5 Ke8 48. Kf6 Rc7 49. Ra4 Kd7 50. Rd4+ Kc8 51. Rb4 Rc5 52. Kg7 Rh5 53. Rc4+ Kb7 54. Rb4+ Kc6 55. Rc4+ Kb5 56. Rg4 a5 57. a4+ Kc5 58. Kf6 Rf5+ 59. Kg7 h5 60. Rxg6 Kb4 61. Rg5 Rxg5+ 62. hxg5 h4 63. Kf6 h3 64. g6 h2 65. g7 h1Q 66. g8Q Qc6+ 67. Ke5 Qc3+ 68. Ke4 Kxa4 69. Qa2+ Kb4 70. Qb1+ Ka3 71. Qd1 Kb2 72. Qd7 Qc2+ 73. Ke3 a4 74. Kf4 a3 75. Qb5+ Ka2 76. Qd5+ Kb1 77. Qb5+ Kc1 78. Qf1+ Qd1 79. Qc4+ Kb2 80. Qb4+ Qb3 81. Qd2+ Qc2 82. Qb4+ Ka2 83. Kg4 Qe2+ 84. Kf4 Qf2+ 85. Kg4 Qe3 86. Qb5 Qe4+ 87. Kh5 Qf3+ 88. Kh4 Ka1 89. Qe5+ Kb1 90. Qb5+ Kc2 91. Qc4+ Kd1 92. Qa4+ Ke1 93. Qa5+ Kf1 94. Qa6+ Kg1 95. Qg6+ Kf2 96. Qc2+ Qe2 97. Qf5+ Kg1 98. Qg5+ Kf1 99. Qd5 Qh2+ 0-1